000 00553nam a22001577a 4500
005 20250319084954.0
008 250306b |||||||| |||| 00| 0 eng d
020 _a9780911560510
082 _aDC 299 Ur11 2020
245 _aThe Urantia book :
_brevealing the mysteries of god, the universe, world history, jesus, and ourselves /
260 _aUSA :
_bUrantia Foundation,
_c©2020.
300 _a2097 pages :
_billustrations (some colors) ;
_c23 cm.
650 _2Urantia Foundation.
650 0 _aUrantia Book
_vConcordances.
_965736
942 _2ddc
_cDC
999 _c23575
_d23575